000 03248nab a2200277 i 4500
003 BR-BrBNA
005 20250918185454.0
008 250918b2022 bl.qr|pooa||| 00| 0 eng |
040 _aBR-BrBNA
_beng
072 _aF30
_b3359
100 _aMachado-Neto, Nelson B
100 _aFileti, Jessica F
100 _aCustódio, Ceci C
245 _aCattleya Aurora’s Little Ian: a novelty mini semper-flowering material and a genetic parameter for superior clone selection
500 _a Publicação online; 14 ref.; 3 tables; Summaries (En, Pt)
520 _a ABSTRACT: Orchids are an important horticultural culture. Cattleya and its allies are among the most used ornamental group of this plant family. Cattleya hybrids normally are big pot plants with a determined flowering season (spring, summer, autumn or winter), so a small plant with vivid and multi-flowered spikes coloured and non-determined flowering season is desired. The hybrid Cattleya Aurora’s Little Ian is a new small pink-reddish hybrid flower, producing over four small to medium flowers per bunch. For the first time there is a description of a parameter, petal width, with heritability estimation and efficient to select superior clones derived from plants of the Section Cyrtolaelia in the Cattleya hybrid group. It could be easily grown either at shade house or at windowsill emitting shoots and flowering freely in each new shoot, independent of photo or thermoperiod, as long as it is kept in good growing conditions. Keywords: Plant breeding, orchid hybrid, selection, small plants
520 _a RESUMO: As orquídeas são uma cultura hortícola importante. Cattleya e seus aliados estão entre os grupos ornamentais mais utilizados desta família de plantas. Os híbridos de Cattleya normalmente são plantas grandes de vasos e com estação de floração determinada (primavera, verão, outono ou inverno). Portanto, uma planta pequena com hastes multiflorais e flores multicoloridas, sem uma estação de floração definida é desejada. Cattleya Aurora’s Little Ian é um híbrido novo, pequeno, de flor rosa-avermelhada, produzindo mais de quatro flores pequenas a médias por haste. Pela primeira vez há a descrição de um parâmetro, a largura de pétala, com cálculos de herdabilidade e eficiência para selecionar clones superiores derivados de plantas da Seção Cyrtolaelia do grupo de híbridos de Cattleya. Ela pode ser facilmente cultivada tanto em casa de vegetação quanto em ambientes internos, emitindo brotações e florescendo livremente a cada novo broto independentemente de foto ou termoperíodo, desde que mantida em boas condições de cultivo. Palavras-chave: Melhoramento de plantas, híbrido de orquídeas, seleção, plantas pequenas
650 _aORQUÍDEA
650 _aHÍBRIDO
650 _aSELEÇÃO
650 _aMELHORAMENTO GENÉTICO VEGETAL
773 0 _01047
_9357914
_dBrasília-DF Sociedade de Olericultura do Brasil 1983
_o2025-5879
_tHorticultura Brasileira (Brazil)
_x0102-0536
_gv. 40(1) p. 115-118; (2022)
_wBR2025002012
856 _uhttps://www.scielo.br/j/hb/a/qgdzncGGQ4q3kFxPF7mL3sb/?format=pdf&lang=en
942 _cANA
999 _c338268
_d338268